Memoria de la Federación de Sindicatos Agrícolas Católicos de la Rioja leída en la sesión celebrada en Logroño por el Consejo General el día 29 de diciembre de 1913. (Record no. 174928)

MARC details
000 -LEADER
campo de control de longitud fija 00728nam a22001695i 4500
001 - NÚMERO DE CONTROL
campo de control 174928
003 - IDENTIFICADOR DE NÚMERO DE CONTROL
campo de control ES-MaACL
005 - FECHA Y HORA DE LA ÚLTIMA TRANSACCIÓN
campo de control 20230906215710.0
008 - DATOS DE LONGITUD FIJA--INFORMACIÓN GENERAL
campo de control de longitud fija 100714s1914 sp |||| | spa d
080 ## - NÚMERO DE LA CLASIFICACIÓN DECIMAL UNIVERSAL
Número de la Clasificación Decimal Universal 63:331.105.44(460.21)(060.55)
110 2# - ENTRADA PRINCIPAL--NOMBRE DE ENTIDAD CORPORATIVA
Nombre de entidad corporativa o nombre de jurisdicción como elemento de entrada Federación de Sindicatos Agrícolas de la Rioja.
9 (RLIN) 143220
245 10 - MENCIÓN DEL TÍTULO
Título Memoria de la Federación de Sindicatos Agrícolas Católicos de la Rioja leída en la sesión celebrada en Logroño por el Consejo General el día 29 de diciembre de 1913.
260 ## - PUBLICACIÓN, DISTRIBUCIÓN, ETC.
Lugar de publicación, distribución, etc. Logroño :
Nombre del editor, distribuidor, etc. [s.n.],
Fecha de publicación, distribución, etc. 1914 (
Fabricante Impr. y Librería Moderna)
300 ## - DESCRIPCIÓN FÍSICA
Extensión 26 p. ;
Dimensiones 21 cm.
610 14 - PUNTO DE ACCESO ADICIONAL DE MATERIA--NOMBRE DE ENTIDAD CORPORATIVA
Nombre de entidad corporativa o nombre de jurisdicción como elemento de entrada Federación de Sindicatos Agrícolas Católicos de la Rioja-
Subdivisión de forma Memorias.
9 (RLIN) 143221
852 ## - LOCALIZACIÓN
Ubicación ES-MaACL
Número de control de estantería T-1394-F-2
Holdings
Estatus retirado Estado de pérdida Estado de daño No para préstamo Colección Biblioteca de origen Biblioteca actual Ubicación en estantería Fecha de adquisición Fuente de adquisición Total de préstamos Signatura topográfica completa Código de barras Visto por última vez Precio de reemplazo Tipo de ítem Koha
        Colección de folletos Biblioteca del Ateneo de Madrid Biblioteca del Ateneo de Madrid Depósito folletos 14/07/2010     T-1394-F-2 1183665 23/02/2023 23/02/2023 Folleto